000 00584nam a2200181Ia 4500
008 230917s9999||||xx |||||||||||||| ||und||
020 _cRS370
040 _e251165
_aMAIN
041 _aEnglish
082 _a346.03 P192L(9)
100 _aPandey, J N
245 0 _aLaw of torts: With consumer protection act, 1986 amended by consumer protection (Amendment) Act, 2002 and moter vehicles act, 1988
250 _a9th ed.
260 _aAllahabad
_bCentral Law Publications
_c2018
300 _axl, 548 p.
500 _a3319 05/11/2018 HBD18/7564 05/12/2018 Main Budget
942 _cBK
999 _c28877
_d28877